Nellūr arici : (Record no. 80354)
[ view plain ]
| 000 -LEADER | |
|---|---|
| fixed length control field | 00906cam a2200229 i 4500 |
| 001 - CONTROL NUMBER | |
| control field | sa 68004801 |
| 003 - CONTROL NUMBER IDENTIFIER | |
| control field | DLC |
| 005 - DATE AND TIME OF LATEST TRANSACTION | |
| control field | 20260227112504.0 |
| 008 - FIXED-LENGTH DATA ELEMENTS--GENERAL INFORMATION | |
| fixed length control field | 040720s1967 ii 000 j tamr |
| 010 ## - LIBRARY OF CONGRESS CONTROL NUMBER | |
| LC control number | sa 68004801 |
| 040 ## - CATALOGING SOURCE | |
| Original cataloging agency | DLC |
| Transcribing agency | DLC |
| Modifying agency | DLC |
| 050 00 - LIBRARY OF CONGRESS CALL NUMBER | |
| Classification number | PL4758.9.A33 |
| Item number | N4 |
| 100 1# - MAIN ENTRY--PERSONAL NAME | |
| Personal name | Akilan̲, |
| Dates associated with a name | 1922-1988. |
| 245 10 - TITLE STATEMENT | |
| Title | Nellūr arici : |
| Remainder of title | kataikaḷ / |
| Statement of responsibility, etc. | Akilan̲. |
| 250 ## - EDITION STATEMENT | |
| Edition statement | 1. patippu. |
| 260 ## - PUBLICATION, DISTRIBUTION, ETC. | |
| Place of publication, distribution, etc. | Cen̲n̲ai : |
| Name of publisher, distributor, etc. | Pāri Puttakap Paṇṇai, |
| Date of publication, distribution, etc. | 1967. |
| 300 ## - PHYSICAL DESCRIPTION | |
| Extent | 191 p. ; |
| Dimensions | 19 cm. |
| 500 ## - GENERAL NOTE | |
| General note | "Mun̲n̲uraiyāka Malēciyāvi̲l naṭaiper̲r̲a mutalāvatu an̲aittulakat Tamil̲ manaṭṭil Akilan̲in̲ cirukataikaḷ par̲r̲i Malēciap palkalaik Kal̲akattin̲ peraciripai An̲n̲apūraṇi Cantiracēkaran̲ avarkaḷ val̲aṅkiya ārāyccik karutturai iṇaikkapper̲r̲uḷḷatu." |
| 500 ## - GENERAL NOTE | |
| General note | "Por̲koṭu veḷiyīṭu." |
| 500 ## - GENERAL NOTE | |
| General note | Short stories. |
| 546 ## - LANGUAGE NOTE | |
| Language note | In Tamil. |
No items available.